000
00339nam a2200133Ia 4500
008
231129s2002||||xx |||||||||||||| ||spa||
020
_a
958-04-2596-0
040
_b
spa
082
_a
597.96 S481
245
0
_a
Las serpientes
260
_c
2002
264
_a
Gráficas de la Sabana
942
_2
ddc
_c
BKS
999
_c
18959
_d
18959